Culture G : Empire Romain - Statistiques

Statistiques générales
  • Ce quiz a été pris 108 fois
  • Le résultat moyen est 28 sur 45
Statistiques - réponses
Question Tuile Select % Correct
Parmi ces noms, lesquels sont Romains ? Priam Non
92%
Parmi ces noms, lesquels sont Romains ? Cicéron Oui
89%
Parmi ces noms, lesquels sont Romains ? Homère Non
89%
Parmi ces noms, lesquels sont Romains ? Léonidas Non
89%
Parmi ces noms, lesquels sont Romains ? Hannibal Non
88%
Qui composaient le premier et le deuxième Triumvirat ? Tibère Non
86%
Qui composaient le premier et le deuxième Triumvirat ? Cicéron Non
82%
Quels mots sont d'étymologie latine ? Aquarium Oui
80%
Parmi ces noms, lesquels sont Romains ? Caracalla Oui
80%
Parmi ces noms, lesquels sont Romains ? Hérodote Non
80%
Qui composaient le premier et le deuxième Triumvirat ? Brutus Non
79%
Quelles divinités sont romaines ? Mercure Oui
79%
Quels mots sont d'étymologie latine ? Zéro Non
78%
Quelles divinités sont romaines ? Chioné Non
74%
Parmi ces noms, lesquels sont Romains ? Tarquin l'Ancien Oui
72%
Quelles divinités sont romaines ? Tartare Non
69%
Quelles divinités sont romaines ? Uranus Oui
69%
Quelles étapes faisaient partie de leur Cursus Honorum ? Generator Non
68%
Qui composaient le premier et le deuxième Triumvirat ? Octave Oui
68%
Parmi ces noms, lesquels sont Romains ? Lépide Oui
67%
Qui composaient le premier et le deuxième Triumvirat ? Marc Antoine Oui
67%
Quelles divinités sont romaines ? Phobos Non
66%
Quelles divinités sont romaines ? Gaïa Non
65%
Quels mots sont d'étymologie latine ? Polyméchanicien Non
64%
Quelles divinités sont romaines ? Borée Non
62%
Qui composaient le premier et le deuxième Triumvirat ? Jules César Oui
62%
Qui composaient le premier et le deuxième Triumvirat ? Pompée Oui
61%
Quelles étapes faisaient partie de leur Cursus Honorum ? Quaestor Oui
61%
Quels mots sont d'étymologie latine ? Canicule Oui
60%
Quelles étapes faisaient partie de leur Cursus Honorum ? Proscriptus Non
60%
Quels mots sont d'étymologie latine ? Bibliothèque Non
56%
Quelles étapes faisaient partie de leur Cursus Honorum ? Senator Oui
56%
Qui composaient le premier et le deuxième Triumvirat ? Lépide Oui
54%
Qui composaient le premier et le deuxième Triumvirat ? Crassus Oui
48%
Quelles étapes faisaient partie de leur Cursus Honorum ? Cenatus Non
47%
Quelles étapes faisaient partie de leur Cursus Honorum ? Tribunus Oui
47%
Quelles divinités sont romaines ? Cérès Oui
39%
Quels mots sont d'étymologie latine ? Compagnon Oui
36%
Quels mots sont d'étymologie latine ? Librairie Oui
35%
Quelles étapes faisaient partie de leur Cursus Honorum ? Imperator Oui
34%
Quels mots sont d'étymologie latine ? Ci-gît Oui
32%
Quelles étapes faisaient partie de leur Cursus Honorum ? Aedilis Oui
28%
Quelles divinités sont romaines ? Victoria Oui
25%
Quels mots sont d'étymologie latine ? De surcroît Oui
20%
Quelles étapes faisaient partie de leur Cursus Honorum ? Curulis Oui
16%
Aucun quiz correspondant
Distribution des résultats
% des personnes avec chaque résultat
Percentile par nombre de réponses
Votre historique - résultats
Vous n’avez pas pris ce quiz